00975nam a2200277 i 4500001001000000003000900010005001700019007000300036008004100039040003000080041000800110082002300118100003900141245006600180264008600246300004400332336002700376337003300403338002800436490002200464500006300486650003000549650003300579700003400612710005100646000010629DO-SdBNP20250717074015.0ta091008s1986 dr 000 0 spa d aDO-SdBNPbspacBNPHUerda hspa 4aRD861.44bO45e2221 aOlea, Ángel,d1959-eautor4aut.13aEl hombre interior /cAngel Olea ; ilustraciones, Juan Valoy. 4aSanto Domingo :bBiblioteca Nacional Pedro Henríquez Ureña (BNPHU),c©1986. a63 páginas :bilustraciones ;c21 cm. atextobtxt2rdacontent asin mediaciónbn2rdamedia avolumenbnc2rdacarrier0 aColección Orfeo aIncluye datos biográficos del autor en la contracubierta 7aPoesía dominicana2LEMB 7aLiteratura dominicana.2LEMB1 aValoy, Juan,eilustrador4il.2 aBiblioteca Nacional Pedro Henríquez Ureña